1973 1204 1964 1761 1911 1755 1896 1896 1869 1759 1523 1001 1535 1440 1627 1709 1366 1525 1612 1095 1634 1178 1516 1916 1724 1460 1798 1087 1342 1070 1357 1569 1692 1053 1380 1826 2000 1543 1076 1902 1134 1046 1823 1264 1662 1134 1113 1743 1799 1107 1946 1193 1937 1461 1194 1813 1724 1260 1994 1711 1860 1676 1550 1778 1214 1527 1819 1104 1456 1767 1929 1980 1439 1198 1766 1089 1755 1599 1183 1653 1262 1557 1900 1835 1227 1006 1182 1808 1226 1053 1916 1617 1908 1976 1592 1488 1808 1935 1707 BCNSPRNW ULIB Ver.6.0+V

เปลี่ยนเป็นภาษาไทย

Change to English
 แสดงรายละเอียดบรรณานุกรม
  กลับหน้าหลัก

Brief Record : Get Marc (ISO 2709) : E-mail record : QR code < ปิดหน้าต่าง
LEADER : 00000nam 2200000uu 4500
001    13399110990
003     ULIB
008    110614s||||||||th 000 0 tha d
020    9748212513(ล.9)
050  4 AC159^bส631น ล.9 2543
245 00 108 ซองคำถาม.^nเล่ม 9 /^cประวิทย์ สุวณิชย์, บรรณาธิการ
250    พิมพ์ครั้งที่ 2
260    กรุงเทพฯ :^bสารคดี,^c2543
300    206 หน้า :^bภาพประกอบ
650  4 ความรู้ทั่วไป
650  4 รวมเรื่อง
650  4 คำถามและคำตอบ
700 0  ประวิทย์ สุวณิชย์
945    ^p95^l0^i015947
995    ทศพร
999 ^a ใช้งานได้ทุกระบบ
รายการนี้ยังไม่มีแท็ก
คุณยังไม่ได้ล็อกอิน คุณสามารถมีกิจกรรมร่วมกับเว็บไซต์ได้ แต่ต้องล็อกอินก่อน ::
  ล็อกอิน

รายการสื่อสารสนเทศ

ลำดับที่ ประเภท เลขเรียก/บาร์โค้ด สถานที่ สถานะ
- ไม่พบข้อมูล -

รายการใกล้เคียง
    หัวเรื่อง [ความรู้ทั่วไป]
    หัวเรื่อง [รวมเรื่อง]
    หัวเรื่อง [คำถามและคำตอบ]

BibComment


ยังไม่เคยถูกคอมเมนท์

คอมเมนท์ทรัพยากรรายการนี้
  คอมเมนท์: 108 ซองคำถาม เล่ม..


 Copyright 2026. Bcnsprnw @Library